Normal view
MARC view
- Brownstein, Samuel C .
Entry Personal Name
001 - CONTROL NUMBER
- control field: 1591
003 - CONTROL NUMBER IDENTIFIER
- control field: OSt
005 - DATE AND TIME OF LATEST TRANSACTION
- control field: 20161001124040.0
008 - FIXED-LENGTH DATA ELEMENTS
- fixed length control field: 161001|| aca||aabn | a|a d
040 ## - CATALOGING SOURCE
- Original cataloging agency: OSt
- Transcribing agency: OSt
100 ## - HEADING--PERSONAL NAME
- Personal name: Brownstein, Samuel C .
670 ## - SOURCE DATA FOUND
- Source citation: Work cat.: (OSt)8058: Brownstein, Samuel C ., How to Prepare for the GRE: Graduate Record Examination / , 1997.
